[Event "Open Portugal 2019"]
[Site "Lisboa POR"]
[Date "2019.02.07"]
[Round "7.98"]
[White "Gonçalves, Samuel"]
[Black "Nikula, Mikko"]
[Result "0-1"]
[WhiteElo "1637"]
[BlackElo "1889"]
[WhiteFideId "1945130"]
[BlackFideId "505277"]
[WhiteCountry "POR"]
[BlackCountry "FIN"]
[PlyCount "160"]
[EventDate "2019.02.02"]

1. e4 e5 2. Nf3 Nf6 3. Nxe5 Nxe4 4. d4 d5 5. Bd3 Bd6 6. Bxe4 dxe4 7. Bf4 O-O 8.
Qe2 Bxe5 9. dxe5 f5 10. Qc4+ Kh8 11. Nc3 c6 12. Rd1 Qe7 13. h4 Be6 14. Qd4 Nd7
15. Qd6 Qf7 16. O-O Nb6 17. b3 Nd5 18. Nxd5 cxd5 19. Rd4 Rfd8 20. Qb4 h6 21.
Rfd1 Qc7 22. Qd2 Re8 23. Qe2 Rac8 24. R4d2 Kh7 25. Qe3 Qc5 26. Qe2 Qc3 27. Qh5
Re7 28. Re2 Rcc7 29. Re3 Qc6 30. Rg3 Qe8 31. Qxe8 Rxe8 32. c3 Rec8 33. Bd2 g6
34. f4 Rc6 35. Kf2 h5 36. Rg5 Kg7 37. Rh1 Bf7 38. Ke3 Kf8 39. Rf1 Ke7 40. g3 Ke6
41. Rb1 Ra6 42. Rb2 b5 43. Kd4 Rac6 44. a3 Be8 45. Be1 Ra6 46. Ra2 b4 47. cxb4
Rac6 48. b5 Rc1 49. Bf2 Rd1+ 50. Ke3 d4+ 51. Ke2 Rd3 52. Rd2 Rxd2+ 53. Kxd2 e3+
54. Bxe3 dxe3+ 55. Kxe3 Rc3+ 56. Kd4 Rxb3 57. a4 Rb4+ 58. Kc5 Rxa4 59. g4 fxg4
60. f5+ gxf5 61. Rg8 Bd7 62. Rh8 Ra5 63. Rxh5 Rxb5+ 64. Kc4 Rxe5 65. Rh8 f4 66.
h5 f3 67. h6 Rh5 68. h7 Ke7 69. Kd3 Bf5+ 70. Ke3 Rxh7 71. Ra8 Ke6 72. Re8+ Re7
73. Rb8 Kf6+ 74. Kf2 Re2+ 75. Kg1 g3 76. Kf1 g2+ 77. Kg1 Re1+ 78. Kf2 g1=Q+ 79.
Kxf3 Re3+ 80. Kf4 Qf2# 0-1

[Event "Open Portugal 2019"]
[Site "Lisboa POR"]
[Date "2019.02.07"]
[Round "7.99"]
[White "Paletta, Giuseppe"]
[Black "Serafim Junior, Arnor"]
[Result "1/2-1/2"]
[WhiteElo "1620"]
[BlackElo "1876"]
[WhiteFideId "804185"]
[BlackFideId "2130750"]
[WhiteCountry "ITA"]
[BlackCountry "BRA"]
[PlyCount "70"]
[EventDate "2019.02.02"]

1. d4 Nf6 2. c4 d6 3. Nc3 Nbd7 4. e4 e5 5. Nf3 Be7 6. Be2 O-O 7. O-O c6 8. d5
cxd5 9. cxd5 Nc5 10. Qc2 Bg4 11. Nd2 Rc8 12. Qd1 Qd7 13. f3 Bh5 14. Nc4 Qd8 15.
Be3 a6 16. a4 b6 17. b4 Ncd7 18. Qd2 Ra8 19. a5 b5 20. Nb6 Nxb6 21. Bxb6 Qb8 22.
Rfc1 Nd7 23. Be3 Rc8 24. Rc2 Bg6 25. Rac1 Qb7 26. Nd1 f5 27. Bd3 fxe4 28. fxe4
Nf6 29. Nf2 Be8 30. Rc3 Bd7 31. Qc2 Rxc3 32. Qxc3 Rc8 33. Qd2 Rxc1+ 34. Qxc1 Qc8
35. Qxc8+ Bxc8 1/2-1/2

[Event "Open Portugal 2019"]
[Site "Lisboa POR"]
[Date "2019.02.07"]
[Round "7.100"]
[White "Castanheira, António"]
[Black "Fonseca, Pedro"]
[Result "1-0"]
[WhiteElo "1875"]
[BlackElo "1610"]
[WhiteFideId "1901788"]
[BlackFideId "1955624"]
[WhiteCountry "POR"]
[BlackCountry "POR"]
[PlyCount "59"]
[EventDate "2019.02.02"]

1. c4 Nf6 2. Nc3 g6 3. g3 Bg7 4. Bg2 O-O 5. e3 d6 6. Nge2 Nc6 7. d4 e5 8. O-O
exd4 9. exd4 Bf5 10. a3 Qc8 11. Nf4 Ng4 12. h3 Nh6 13. Be3 g5 14. Nh5 Bxh3 15.
Nxg7 Bxg2 16. Kxg2 Kxg7 17. Bxg5 Nf5 18. Nd5 f6 19. Bxf6+ Rxf6 20. Nxf6 Kxf6 21.
b4 Qd7 22. d5 Ne5 23. Re1 Re8 24. Qh5 Qf7 25. Qe2 Re7 26. Qb2 Kg6 27. Re4 Qf6
28. Rae1 Nd7 29. Re6 Ne3+ 30. R1xe3 1-0

[Event "Open Portugal 2019"]
[Site "Lisboa POR"]
[Date "2019.02.07"]
[Round "7.101"]
[White "Aguiar, Carlos"]
[Black "Barros, Arlindo"]
[Result "1-0"]
[WhiteElo "1822"]
[BlackElo "1603"]
[WhiteFideId "1902571"]
[BlackFideId "23600640"]
[WhiteCountry "POR"]
[BlackCountry "CPV"]
[PlyCount "123"]
[EventDate "2019.02.02"]

1. e4 e5 2. Nf3 Nc6 3. Bc4 Bc5 4. b4 Bb6 5. O-O Nf6 6. b5 Na5 7. Nxe5 O-O 8. Bd3
Re8 9. Bb2 d6 10. Nc4 Nxc4 11. Bxc4 Rxe4 12. d3 Bg4 13. Qc1 Re8 14. Qf4 Be6 15.
Nd2 d5 16. Bb3 c6 17. bxc6 bxc6 18. Nf3 Bc7 19. Qh4 Nd7 20. Qxd8 Raxd8 21. Nd4
c5 22. Nxe6 fxe6 23. Ba4 Re7 24. Ba3 Bd6 25. Bxd7 Rdxd7 26. Rfe1 Kf7 27. c4 Rb7
28. Rab1 d4 29. g3 Rb6 30. Rxb6 axb6 31. Rb1 Rb7 32. Rb5 Ke7 33. Bc1 h6 34. Kg2
Bc7 35. Kf3 Ra7 36. a3 Ra8 37. Ke4 g5 38. Rb3 Rf8 39. f4 gxf4 40. Bxf4 Bxf4 41.
gxf4 Ra8 42. Rxb6 Rxa3 43. Rc6 Ra5 44. h4 h5 45. Ke5 Ra3 46. Rc7+ Kd8 47. Rxc5
Rxd3 48. Kxe6 Rd1 49. Rxh5 d3 50. Rd5+ Kc7 51. Kf5 d2 52. h5 Rh1 53. Rxd2 Rxh5+
54. Kg6 Rc5 55. Rd4 Rc6+ 56. Kg7 Kb6 57. f5 Kc5 58. Re4 Rc7+ 59. Kg6 Kd6 60. f6
Rc8 61. f7 Kd7 62. Kg7 1-0

[Event "Open Portugal 2019"]
[Site "Lisboa POR"]
[Date "2019.02.07"]
[Round "7.102"]
[White "Santos, Ana P"]
[Black "Næss, Sara"]
[Result "0-1"]
[WhiteElo "1563"]
[BlackElo "1815"]
[WhiteFideId "1921550"]
[BlackFideId "1516191"]
[WhiteCountry "POR"]
[BlackCountry "NOR"]
[PlyCount "48"]
[EventDate "2019.02.02"]

1. e4 c6 2. d4 d5 3. exd5 cxd5 4. c4 Nf6 5. Nc3 Nc6 6. Nf3 Bg4 7. Be3 g6 8. Qb3
Na5 9. Qa4+ Bd7 10. Qc2 dxc4 11. Ne5 Rc8 12. Be2 Bg7 13. Rc1 O-O 14. Qd2 Be6 15.
O-O a6 16. Rfd1 Nd5 17. Bh6 b5 18. h4 Nc6 19. h5 Bxe5 20. Bxf8 Bf4 21. Qe1 Bxc1
22. Bxe7 Qxe7 23. Nxd5 Bxd5 24. Rxc1 Re8 0-1

[Event "Open Portugal 2019"]
[Site "Lisboa POR"]
[Date "2019.02.07"]
[Round "7.103"]
[White "Almeida, Rui Pedro"]
[Black "Elias, Rúben"]
[Result "0-1"]
[WhiteElo "1583"]
[BlackElo "1797"]
[WhiteFideId "1949616"]
[BlackFideId "1906453"]
[WhiteCountry "POR"]
[BlackCountry "POR"]
[PlyCount "70"]
[EventDate "2019.02.02"]

1. e4 e5 2. Nf3 Nc6 3. Bb5 a6 4. Ba4 Nf6 5. O-O Nxe4 6. Re1 Nc5 7. Bxc6 dxc6 8.
Nxe5 Be7 9. d4 Ne6 10. c3 O-O 11. Be3 Re8 12. Nd2 c5 13. dxc5 Nxc5 14. Nf1 Be6
15. Nf3 Qxd1 16. Rexd1 Rad8 17. b3 Ne4 18. c4 Bg4 19. Rxd8 Rxd8 20. Ne5 Bf6 21.
f4 Bf5 22. Re1 g5 23. g3 g4 24. Bc1 h5 25. Ne3 Bh7 26. Nd5 Bh8 27. Nxc7 f6 28.
Ne6 Rd6 29. Ba3 Rxe6 30. Nd3 f5 31. Nb4 Bd4+ 32. Kg2 Bc5 33. Rd1 Rd6 34. Rd5
Rxd5 35. cxd5 Kf7 0-1

[Event "Open Portugal 2019"]
[Site "Lisboa POR"]
[Date "2019.02.07"]
[Round "7.104"]
[White "Fielding, Michael"]
[Black "Cavadas, José"]
[Result "1-0"]
[WhiteElo "1791"]
[BlackElo "1580"]
[WhiteFideId "447269"]
[BlackFideId "1904990"]
[WhiteCountry "ENG"]
[BlackCountry "POR"]
[PlyCount "95"]
[EventDate "2019.02.02"]

1. d4 d5 2. c4 e6 3. Nc3 Nf6 4. cxd5 exd5 5. Bg5 c6 6. e3 Be7 7. Bd3 Nbd7 8.
Nge2 b6 9. O-O Bb7 10. Qc2 h6 11. Bh4 c5 12. dxc5 Bxc5 13. Rfd1 Be7 14. Bb5 O-O
15. Nd4 Rc8 16. a3 Ne4 17. Bxe7 Qxe7 18. Qd3 Ndc5 19. Qc2 Nxc3 20. Qxc3 Ne4 21.
Qd3 Qf6 22. Qe2 Rc7 23. Rac1 Rfc8 24. Rxc7 Rxc7 25. f3 Nd6 26. Bd3 Re7 27. b3
Qe5 28. Re1 f5 29. f4 Qf6 30. Rc1 Qg6 31. Nf3 Qf6 32. Nd4 g5 33. Qf2 g4 34. Qd2
h5 35. Rc3 h4 36. Qc1 Qg7 37. Bxf5 h3 38. g3 Rf7 39. Be6 Qg6 40. Bxf7+ Nxf7 41.
Qc2 Qf6 42. Rc7 Ba6 43. Rxa7 Bb5 44. a4 Be8 45. Qc8 Kf8 46. Ne6+ Kg8 47. Qxe8+
Kh7 48. Rxf7+ 1-0

[Event "Open Portugal 2019"]
[Site "Lisboa POR"]
[Date "2019.02.07"]
[Round "7.105"]
[White "Dias, José"]
[Black "García Ortega, Manuel"]
[Result "1-0"]
[WhiteElo "1560"]
[BlackElo "1785"]
[WhiteFideId "1923943"]
[BlackFideId "2227533"]
[WhiteCountry "POR"]
[BlackCountry "ESP"]
[PlyCount "101"]
[EventDate "2019.02.02"]

1. e4 c5 2. Nf3 Nc6 3. d3 e5 4. g3 d5 5. Nbd2 f5 6. exf5 Bxf5 7. Bg2 Bg4 8. O-O
Bd6 9. h3 Bh5 10. Re1 Nf6 11. c3 Qc7 12. Qb3 O-O-O 13. Nh2 Bf7 14. Qc2 Kb8 15.
a3 Bg6 16. Ndf1 c4 17. Bg5 cxd3 18. Qb3 e4 19. Be3 Na5 20. Qa4 Be8 21. Qd1 Nc4
22. Bc1 Qb6 23. b3 Na5 24. b4 Nc4 25. Ne3 Be5 26. Nxc4 dxc4 27. Be3 Qc7 28. Qd2
h5 29. Nf1 Bc6 30. a4 h4 31. b5 Bd5 32. a5 hxg3 33. Bxa7+ Ka8 34. Bb6 gxf2+ 35.
Qxf2 Qd7 36. a6 Qxb5 37. Reb1 Qxb1 38. axb7+ Kxb7 39. Rxb1 Rde8 40. Bd4+ Kc6 41.
Rb6+ Kd7 42. Qf5+ Kc7 43. Rb5 Rh5 44. Qf2 e3 45. Nxe3 Bxg2 46. Rxe5 Bxh3 47.
Rxe8 Rg5+ 48. Kh2 Rg2+ 49. Nxg2 Ng4+ 50. Kxh3 Nxf2+ 51. Bxf2 1-0

[Event "Open Portugal 2019"]
[Site "Lisboa POR"]
[Date "2019.02.07"]
[Round "7.106"]
[White "Lages, Duarte"]
[Black "Costa, Américo"]
[Result "0-1"]
[WhiteElo "1558"]
[BlackElo "1755"]
[WhiteFideId "2161680"]
[BlackFideId "1903373"]
[WhiteCountry "POR"]
[BlackCountry "POR"]
[PlyCount "34"]
[EventDate "2019.02.02"]

1. d4 d5 2. c4 e5 3. dxe5 d4 4. Bf4 Nc6 5. Nf3 Bf5 6. Nbd2 Qd7 7. Nb3 O-O-O 8.
a3 h6 9. Qd2 g5 10. Bg3 g4 11. Nh4 Be6 12. Rc1 Be7 13. f3 h5 14. e4 dxe3 15.
Qxe3 Nh6 16. Nc5 Bxc5 17. Qxc5 Qd2# 0-1

[Event "Open Portugal 2019"]
[Site "Lisboa POR"]
[Date "2019.02.07"]
[Round "7.107"]
[White "Barros, Luís"]
[Black "Amaral, Fernando"]
[Result "1-0"]
[WhiteElo "1751"]
[BlackElo "1528"]
[WhiteFideId "23600110"]
[BlackFideId "1931288"]
[WhiteCountry "CPV"]
[BlackCountry "POR"]
[PlyCount "55"]
[EventDate "2019.02.02"]

1. e4 c5 2. Nf3 e6 3. c3 d5 4. e5 Nc6 5. d4 cxd4 6. cxd4 h6 7. a3 Nge7 8. Bd3
Nf5 9. Be3 Be7 10. Nc3 a6 11. Rc1 Nxe3 12. fxe3 Bh4+ 13. g3 Bg5 14. Qd2 Bd7 15.
Ne2 Na5 16. Rc3 Ba4 17. Nf4 Nb3 18. Qc2 Qa5 19. O-O O-O 20. Qf2 Be7 21. Nh5 Rac8
22. Rxc8 Rxc8 23. Ng5 Be8 24. Nxe6 fxe6 25. Nf6+ Kh8 26. Nxe8 Rxe8 27. Qf7 Rf8
28. Qxf8+ 1-0

[Event "Open Portugal 2019"]
[Site "Lisboa POR"]
[Date "2019.02.07"]
[Round "7.108"]
[White "Lohia, Sohum"]
[Black "Funk, Matthias"]
[Result "1-0"]
[WhiteElo "1727"]
[BlackElo "1492"]
[WhiteFideId "5819369"]
[BlackFideId "1901990"]
[WhiteCountry "ENG"]
[BlackCountry "POR"]
[PlyCount "95"]
[EventDate "2019.02.02"]

1. e4 e6 2. b3 Nf6 3. e5 Nd5 4. Bb2 Nc6 5. Nf3 Be7 6. Nc3 Nxc3 7. Bxc3 b6 8. Be2
Bb7 9. O-O Rg8 10. d4 d5 11. exd6 Qxd6 12. Ne5 Nxe5 13. dxe5 Qxd1 14. Raxd1 Rd8
15. Bb2 f5 16. exf6 gxf6 17. Rxd8+ Kxd8 18. Rd1+ Kc8 19. f3 f5 20. Bc4 Rg6 21.
Kf1 Bd6 22. h3 a6 23. a4 h5 24. Re1 Kd7 25. Be5 Bxe5 26. Rxe5 Kd6 27. Re2 c6 28.
Rd2+ Ke7 29. b4 b5 30. Bb3 h4 31. c4 e5 32. axb5 cxb5 33. c5 e4 34. fxe4 Bxe4
35. Bd5 Rf6 36. Bxe4 fxe4+ 37. Ke2 Ke6 38. Ke3 Ke5 39. Rd4 Re6 40. Rxe4+ Kd5 41.
Rxe6 Kxe6 42. Kd4 Ke7 43. Kd5 Kd7 44. c6+ Kc8 45. Kd6 a5 46. bxa5 b4 47. a6 Kb8
48. c7+ 1-0

[Event "Open Portugal 2019"]
[Site "Lisboa POR"]
[Date "2019.02.07"]
[Round "7.109"]
[White "Antunes, André"]
[Black "Godinho, João Quintas"]
[Result "0-1"]
[WhiteElo "1518"]
[BlackElo "1719"]
[WhiteFideId "1936328"]
[BlackFideId "1909193"]
[WhiteCountry "POR"]
[BlackCountry "POR"]
[PlyCount "96"]
[EventDate "2019.02.02"]

1. b3 Nf6 2. Bb2 d5 3. f4 c5 4. Nf3 Nc6 5. e3 Bf5 6. a3 e6 7. Be2 Bd6 8. O-O O-O
9. Ne5 Bxe5 10. fxe5 Nd7 11. d4 Qh4 12. Nd2 Rac8 13. Rc1 cxd4 14. Nf3 Qe7 15.
exd4 Rfd8 16. Bd3 Be4 17. Qe2 Bxd3 18. Qxd3 Nf8 19. Rf2 Ng6 20. Rcf1 h6 21. Qe3
Rf8 22. Ne1 Qd7 23. Nd3 Nce7 24. Nc5 Qc7 25. Bc3 b6 26. Na4 Nf5 27. Qd3 a5 28.
Bb2 Qc6 29. Nc3 f6 30. exf6 Rxf6 31. g4 Ngh4 32. gxf5 Nxf5 33. Nd1 Rg6+ 34. Kh1
Qd6 35. Qf3 Rf8 36. Qh3 Qe7 37. Rg1 Rff6 38. Rfg2 Qf7 39. Rxg6 Rxg6 40. Rxg6
Qxg6 41. Ne3 Nd6 42. Qg4 Qf6 43. Qg3 Ne4 44. Qe5 Qf3+ 45. Kg1 Qxe3+ 46. Kg2 Qf2+
47. Kh3 Ng5+ 48. Kg4 Qf3+ 0-1

[Event "Open Portugal 2019"]
[Site "Lisboa POR"]
[Date "2019.02.07"]
[Round "7.110"]
[White "Dong, Fábio"]
[Black "Guia, Artur"]
[Result "0-1"]
[WhiteElo "1491"]
[BlackElo "1686"]
[WhiteFideId "1958020"]
[BlackFideId "1946781"]
[WhiteCountry "POR"]
[BlackCountry "POR"]
[PlyCount "124"]
[EventDate "2019.02.02"]

1. c4 e6 2. Nc3 d5 3. d4 Nf6 4. cxd5 exd5 5. Bg5 Be7 6. Nf3 c6 7. e3 Bf5 8. Bd3
Bxd3 9. Qxd3 O-O 10. O-O Nbd7 11. Rab1 a5 12. a3 Ne4 13. Bxe7 Qxe7 14. Nd2 Nxd2
15. Qxd2 Nb6 16. Qe2 f5 17. Rfc1 Nc4 18. a4 Rf6 19. b3 Nb6 20. Qf3 Raf8 21. h3
Rg6 22. Ne2 Rh6 23. Ng3 Qg5 24. Rc5 Qg6 25. Qf4 Qf6 26. Rxa5 Rh4 27. Qe5 f4 28.
Qxf6 Rxf6 29. Nf1 Rg6 30. Kh2 fxe3 31. fxe3 Rf6 32. Rc5 Re4 33. Rc3 Rf2 34. Ng3
Re8 35. Kg1 Ra2 36. Nf5 g6 37. Nd6 Re7 38. Re1 Rd7 39. Nxb7 Rxb7 40. Rxc6 Ra3
41. Rc3 Kg7 42. Rec1 Nd7 43. Rc7 Raxb3 44. a5 Kh6 45. a6 Rxc7 46. Rxc7 Nf6 47.
Rc8 Ra3 48. Ra8 Ne4 49. a7 Kg5 50. Kh2 Kh4 51. g3+ Kg5 52. Kg2 Ra2+ 53. Kg1 Nxg3
54. Rd8 Rxa7 55. Rxd5+ Kh4 56. Kg2 Ra2+ 57. Kf3 Kxh3 58. Rd7 h5 59. Rg7 Ra6 60.
e4 Rf6+ 61. Ke3 Re6 62. e5 Nf5+ 0-1

[Event "Open Portugal 2019"]
[Site "Lisboa POR"]
[Date "2019.02.07"]
[Round "7.111"]
[White "Marques, Afonso"]
[Black "Yushko, Igor"]
[Result "1-0"]
[WhiteElo "1662"]
[BlackElo "1389"]
[WhiteFideId "1947184"]
[BlackFideId "14156270"]
[WhiteCountry "POR"]
[BlackCountry "UKR"]
[PlyCount "77"]
[EventDate "2019.02.02"]

1. Nf3 Nc6 2. d4 d5 3. c4 e6 4. Bf4 Nf6 5. e3 Ne7 6. h3 Ng6 7. Bh2 c6 8. Bd3 Be7
9. O-O O-O 10. Nc3 Re8 11. Rc1 Bd7 12. Nd2 Rc8 13. Re1 Bf8 14. e4 dxe4 15. Ndxe4
Nxe4 16. Nxe4 Qb6 17. Bc2 Red8 18. Bb3 e5 19. c5 Qa5 20. Ng5 Bxh3 21. Bxf7+ Kh8
22. Nxh3 Rxd4 23. Qc2 Rd2 24. Qc3 Qxc3 25. Rxc3 Rxb2 26. Ng5 Be7 27. Rh3 Bxg5
28. Bxg6 h6 29. Bxe5 Rxa2 30. f4 Bd8 31. Rxh6+ Kg8 32. Rh7 Bf6 33. Bxf6 gxf6 34.
Bf7+ Kxh7 35. Bxa2 Kg6 36. Re7 Rb8 37. Kf2 f5 38. Kf3 b6 39. Bb1 1-0

[Event "Open Portugal 2019"]
[Site "Lisboa POR"]
[Date "2019.02.07"]
[Round "7.112"]
[White "Costa, Fábio"]
[Black "Alves, Fernando"]
[Result "0-1"]
[WhiteElo "1279"]
[BlackElo "1651"]
[WhiteFideId "1961063"]
[BlackFideId "1905678"]
[WhiteCountry "POR"]
[BlackCountry "POR"]
[PlyCount "90"]
[EventDate "2019.02.02"]

1. d4 Nf6 2. Bf4 g6 3. e3 Bg7 4. Nf3 c5 5. c3 cxd4 6. exd4 d6 7. h3 O-O 8. Be2
Qb6 9. Qc1 Re8 10. O-O Nbd7 11. Bc4 e5 12. dxe5 Nxe5 13. Nxe5 dxe5 14. Be3 Qc7
15. Nd2 b6 16. Bb5 Re7 17. Nf3 Bb7 18. Bh6 Bh8 19. Re1 Rd8 20. Qc2 Qc5 21. Bf1
Nh5 22. Rad1 Rde8 23. b4 Qc7 24. Rd2 Ng7 25. Bg5 Re6 26. Bb5 Bc6 27. Bc4 Rd6 28.
Rxd6 Qxd6 29. Rd1 Qc7 30. Qb3 b5 31. Bd5 Bxd5 32. Rxd5 Ne6 33. Rxb5 e4 34. Nd2
Nxg5 35. Rxg5 Qxc3 36. Qd5 e3 37. fxe3 Qxe3+ 38. Kh1 Qe1+ 39. Kh2 Be5+ 40. g3
Qf2+ 41. Qg2 Qxg2+ 42. Kxg2 Bc3 43. Nb3 Re2+ 44. Kf3 Rxa2 45. Rg4 Ra3 0-1

[Event "Open Portugal 2019"]
[Site "Lisboa POR"]
[Date "2019.02.07"]
[Round "7.114"]
[White "Thibault, Pierre-Olivier"]
[Black "Florissi, Aldo"]
[Result "1-0"]
[WhiteElo "1994"]
[BlackElo "1468"]
[WhiteFideId "20606184"]
[BlackFideId "28513428"]
[WhiteCountry "FRA"]
[BlackCountry "ITA"]
[PlyCount "39"]
[EventDate "2019.02.02"]

1. e4 d5 2. Nc3 d4 3. Nce2 Nc6 4. c3 Bg4 5. f3 Bh5 6. cxd4 e6 7. Qa4 Qd7 8. Nf4
Bg6 9. Bb5 Bd6 10. d5 exd5 11. exd5 Bxf4 12. dxc6 Qe6+ 13. Ne2 b6 14. Qxf4 Qe7
15. O-O Nf6 16. Qe3 Qxe3+ 17. dxe3 O-O 18. e4 a6 19. Ba4 h6 20. Bf4 1-0

[Event "Open Portugal 2019"]
[Site "Lisboa POR"]
[Date "2019.02.07"]
[Round "7.115"]
[White "Martins, Domingos"]
[Black "Archambault, Serge"]
[Result "0-1"]
[WhiteElo "1360"]
[BlackElo "1959"]
[WhiteFideId "1947389"]
[BlackFideId "2604108"]
[WhiteCountry "POR"]
[BlackCountry "CAN"]
[PlyCount "70"]
[EventDate "2019.02.02"]

1. d4 g6 2. Nf3 Bg7 3. Bf4 d6 4. e3 c6 5. c3 Nd7 6. Nbd2 Ngf6 7. Be2 b6 8. Qb3
O-O 9. h4 e5 10. Bh2 Ne8 11. g4 Ndf6 12. g5 Nh5 13. O-O-O Be6 14. Bc4 d5 15. Be2
exd4 16. exd4 Nd6 17. Be5 Ne4 18. Bxg7 Nxg7 19. Rdf1 f5 20. Ne5 Nxd2 21. Kxd2 c5
22. Nc6 Qd6 23. Ne5 f4 24. Bf3 a5 25. Qc2 Rac8 26. Qb1 cxd4 27. cxd4 Qb4+ 28.
Kd3 Bf5+ 29. Ke2 Qxd4 30. Bxd5+ Qxd5 31. Nd3 f3+ 32. Kd2 Rfd8 33. Rc1 Bxd3 34.
Qa1 Bb5+ 35. Ke1 Re8# 0-1

[Event "Open Portugal 2019"]
[Site "Lisboa POR"]
[Date "2019.02.07"]
[Round "7.116"]
[White "Takvorian, Richard"]
[Black "Palhas, Miguel Brando"]
[Result "1-0"]
[WhiteElo "1898"]
[BlackElo "1416"]
[WhiteFideId "663646"]
[BlackFideId "1961349"]
[WhiteCountry "FRA"]
[BlackCountry "POR"]
[PlyCount "77"]
[EventDate "2019.02.02"]

1. Nf3 Nf6 2. d4 e6 3. c4 Bb4+ 4. Nc3 d5 5. e3 O-O 6. Be2 Ne4 7. Qc2 Nd7 8. O-O
Ndf6 9. cxd5 exd5 10. a3 Bxc3 11. bxc3 Bg4 12. Bb2 Rc8 13. Rfd1 Nh5 14. h3 Bd7
15. Ne5 Nhf6 16. c4 c6 17. Nxd7 Nxd7 18. Qb3 Qh4 19. Rf1 Ndf6 20. Qc2 Rfe8 21.
Rac1 h6 22. cxd5 cxd5 23. Qxc8 Rxc8 24. Rxc8+ Kh7 25. Bd3 g6 26. Rc7 Kg7 27.
Rxb7 Nd2 28. Rc1 Nh7 29. Rc2 Nf3+ 30. gxf3 Qxh3 31. Be2 Qf5 32. Rcc7 Ng5 33. a4
Qb1+ 34. Kg2 Qf5 35. Ba3 Qh3+ 36. Kg1 Qh4 37. Bd6 Kf6 38. Be5+ Kf5 39. e4+ 1-0

[Event "Open Portugal 2019"]
[Site "Lisboa POR"]
[Date "2019.02.07"]
[Round "7.117"]
[White "Mendes, Alberto"]
[Black "Martinho, Alberto"]
[Result "1-0"]
[WhiteElo "1635"]
[BlackElo "1237"]
[WhiteFideId "1901699"]
[BlackFideId "1948784"]
[WhiteCountry "POR"]
[BlackCountry "POR"]
[PlyCount "59"]
[EventDate "2019.02.02"]

1. e4 e5 2. f4 exf4 3. Bc4 Nc6 4. Nf3 d6 5. d4 Bg4 6. O-O g5 7. Qd3 Na5 8. Bb5+
c6 9. Ba4 b5 10. Bb3 h5 11. c4 b4 12. Ba4 Bg7 13. Kh1 Kf8 14. a3 b3 15. Bd2 Qb6
16. Bc3 c5 17. d5 h4 18. Nxg5 Qd8 19. Nxf7 Kxf7 20. Rxf4+ Nf6 21. e5 h3 22. exf6
hxg2+ 23. Kg1 Rh3 24. fxg7+ Kg8 25. Qg6 Rxc3 26. Nxc3 Qe7 27. Qxg4 Qe3+ 28. Kxg2
Re8 29. Bxe8 Qd2+ 30. Rf2 1-0

[Event "Open Portugal 2019"]
[Site "Lisboa POR"]
[Date "2019.02.07"]
[Round "7.118"]
[White "Fonseca, René Gil"]
[Black "Pereira, André Marques"]
[Result "0-1"]
[WhiteElo "1343"]
[BlackElo "1604"]
[WhiteFideId "1957767"]
[BlackFideId "2116774"]
[WhiteCountry "POR"]
[BlackCountry "POR"]
[PlyCount "60"]
[EventDate "2019.02.02"]

1. e4 c6 2. d4 d5 3. Nc3 e6 4. exd5 cxd5 5. Bb5+ Bd7 6. Bxd7+ Qxd7 7. Nf3 Nc6 8.
O-O Bd6 9. Re1 O-O-O 10. Nb5 Bb8 11. a4 f6 12. Na3 g5 13. c4 h5 14. cxd5 exd5
15. Bxg5 fxg5 16. Nxg5 Rh6 17. Qd2 Rf6 18. b4 Bf4 19. Qc3 Bxg5 20. b5 Qf5 21. f3
Bf4 22. Kf2 Bxh2 23. bxc6 Rxc6 24. Qa5 Qf4 25. Kf1 Qxd4 26. Nb5 Qg1+ 27. Ke2
Qxg2+ 28. Kd3 Qc2+ 29. Kd4 Rc4+ 30. Ke3 Re8# 0-1

[Event "Open Portugal 2019"]
[Site "Lisboa POR"]
[Date "2019.02.07"]
[Round "7.121"]
[White "Correia, Pedro Mourão"]
[Black "Paragliola, Gennaro"]
[Result "1-0"]
[WhiteElo "1480"]
[BlackElo "1350"]
[WhiteFideId "1959522"]
[BlackFideId "804207"]
[WhiteCountry "POR"]
[BlackCountry "ITA"]
[PlyCount "83"]
[EventDate "2019.02.02"]

1. e4 d6 2. d4 Nf6 3. Nc3 g6 4. Be3 Bg7 5. Be2 O-O 6. Qd2 Re8 7. f3 Nbd7 8. g4
c5 9. h4 cxd4 10. Bxd4 Qa5 11. a3 Ne5 12. b4 Qc7 13. Nb5 Qc6 14. Bxe5 dxe5 15.
O-O-O Be6 16. Nh3 Rec8 17. Kb2 a6 18. Nc3 Rc7 19. Nf2 Rac8 20. Nd5 Bxd5 21. exd5
Qxc2+ 22. Ka1 Qxd2 23. Rxd2 Rc2 24. Rhd1 Rxd2 25. Rxd2 Rd8 26. Bc4 Rd6 27. Ne4
Nxe4 28. fxe4 f6 29. Be2 Kf7 30. Rc2 b5 31. Kb2 f5 32. gxf5 gxf5 33. Bf3 f4 34.
Rc6 Ke8 35. Kb3 Kd8 36. Rc2 Rg6 37. Bg2 f3 38. Bxf3 Rg3 39. Rc3 Rh3 40. h5 Bh6
41. Bg4 Rh1 42. Rc8# 1-0

[Event "Open Portugal 2019"]
[Site "Lisboa POR"]
[Date "2019.02.07"]
[Round "7.122"]
[White "Gama, João Tiago"]
[Black "Voges, Guilherme"]
[Result "0-1"]
[WhiteElo "1273"]
[BlackElo "1455"]
[WhiteFideId "1961160"]
[BlackFideId "1947680"]
[WhiteCountry "POR"]
[BlackCountry "POR"]
[PlyCount "88"]
[EventDate "2019.02.02"]

1. e4 e5 2. Nf3 Nc6 3. d4 exd4 4. Nxd4 g6 5. Nxc6 bxc6 6. f4 Bg7 7. c3 d6 8. Bc4
Ne7 9. Bb3 O-O 10. O-O Re8 11. Qf3 Ba6 12. Rd1 Qd7 13. Be3 Bc8 14. h3 Bb7 15.
Nd2 a5 16. a4 Rab8 17. Bd4 c5 18. Bxg7 Kxg7 19. Nc4 Ra8 20. Ne3 Rab8 21. Rab1
Bc6 22. Bc2 Bxa4 23. Bxa4 Qxa4 24. b3 Rxb3 25. Rxb3 Qxb3 26. Nd5 Nxd5 27. exd5
Qc4 28. g3 Qe2 29. Qxe2 Rxe2 30. c4 Rc2 31. Ra1 Rxc4 32. Rxa5 Rd4 33. Ra7 Rxd5
34. Rxc7 Kf6 35. Kf2 Rd4 36. Ke3 Rc4 37. Kd3 Ra4 38. Rc6 Ke6 39. Rc7 Ra3+ 40.
Kc4 Rxg3 41. Rc6 Rf3 42. f5+ gxf5 43. Rc8 d5+ 44. Kxc5 Rc3+ 0-1

[Event "Open Portugal 2019"]
[Site "Lisboa POR"]
[Date "2019.02.07"]
[Round "7.123"]
[White "Anfinsen, Marius"]
[Black "Aizpurua Zufiria, Iñaki"]
[Result "0-1"]
[WhiteElo "1113"]
[BlackElo "1434"]
[WhiteFideId "1546414"]
[BlackFideId "2269791"]
[WhiteCountry "NOR"]
[BlackCountry "ESP"]
[PlyCount "100"]
[EventDate "2019.02.02"]

1. e4 c5 2. Nf3 e6 3. d4 cxd4 4. Nxd4 Nf6 5. Bd3 Be7 6. O-O Nc6 7. Nxc6 dxc6 8.
Qe2 O-O 9. c4 b6 10. Nc3 Bb7 11. Rd1 Qc7 12. e5 Nd7 13. f4 Rad8 14. Be3 Bc5 15.
Kh1 Bxe3 16. Qxe3 Nc5 17. Bc2 Rxd1+ 18. Rxd1 Rd8 19. b4 Rxd1+ 20. Nxd1 Na6 21.
a3 c5 22. b5 Nb8 23. Nf2 Qd7 24. Ng4 Qd4 25. Qxd4 cxd4 26. Nf2 a6 27. a4 Nd7 28.
Ne4 axb5 29. axb5 Bxe4 30. Bxe4 Nc5 31. Bf3 Kf8 32. Kg1 Ke7 33. Kf1 f6 34. Ke2
fxe5 35. fxe5 h6 36. g4 g5 37. h3 Kf7 38. Kd2 Ke7 39. Ke2 Nd7 40. Kd3 Nxe5+ 41.
Ke4 Nxf3 42. Kxf3 Kd6 43. Ke4 Kc5 44. Kd3 e5 45. Kc2 Kxc4 46. Kd2 e4 47. Kc2 d3+
48. Kd2 e3+ 49. Ke1 Kc3 50. Kd1 e2+ 0-1

[Event "Open Portugal 2019"]
[Site "Lisboa POR"]
[Date "2019.02.08"]
[Round "8.3"]
[White "Stefansson, Hannes"]
[Black "Petrov, Nikita"]
[Result "1/2-1/2"]
[WhiteElo "2514"]
[BlackElo "2585"]
[WhiteFideId "2300087"]
[BlackFideId "4101286"]
[WhiteTitle "GM"]
[BlackTitle "GM"]
[WhiteCountry "ISL"]
[BlackCountry "RUS"]
[PlyCount "32"]
[EventDate "2019.??.??"]

1. e4 c5 2. Nf3 d6 3. d4 cxd4 4. Nxd4 Nf6 5. Nc3 a6 6. h3 e5 7. Nde2 h5 8. Bg5
Be7 9. Bxf6 Bxf6 10. Nd5 g6 11. Nxf6+ Qxf6 12. Nc3 O-O 13. Nd5 Qd8 14. Be2 Be6
15. O-O Nc6 16. c3 Ne7 1/2-1/2